Primary ideas : a resource book for primary teachers
Αποθηκεύτηκε σε:
| Κύριος συγγραφέας: | |
|---|---|
| Άλλοι συγγραφείς: | |
| Μορφή: | Βιβλίο |
| Γλώσσα: | English |
| Δημοσίευση: |
London :
MacMillan,
1987
|
| Θέματα: | |
| Ετικέτες: |
Προσθήκη ετικέτας
Δεν υπάρχουν, Καταχωρήστε ετικέτα πρώτοι!
|
MARC
| LEADER | 00000nam a2200000 i 4500 | ||
|---|---|---|---|
| 001 | 1/91948 | ||
| 008 | 991108s1987 eng d | ||
| 020 | |a 0-333-44426-4 | ||
| 035 | |l 10053836 | ||
| 040 | |a GR-MY-UA |b gre |e aacr | ||
| 041 | 0 | |a eng | |
| 082 | 0 | |a 372.12 | |
| 100 | 1 | |a Knight, Gill. | |
| 245 | 1 | 0 | |a Primary ideas : |b a resource book for primary teachers / |c written and edited by Gill Knight ; illustrated by Judith Cole |
| 260 | |a London : |b MacMillan, |c 1987 | ||
| 300 | |a 90 p. | ||
| 650 | 0 | 0 | |a Education, Primary |x Activity programs. |
| 650 | 0 | 0 | |a Primary school teachers. |
| 700 | 1 | |a Cole, Judith. |4 ill | |
| 852 | |a INST |b RHODES |e 19991108 |h 372.12 KNI |p 005400012664 |q 005400012664 |t BK |y 0 | ||
| 901 | |a BIBL4-1999-3 | ||
| 909 | |a Ρ |b 068928 | ||
| 922 | |a 4ΕΛΗ |b 199909 |c ΚΠΣ/154 |d GLORY BOOKS | ||
| 970 | |a ΚΟΥΛΑΚΙΟΤΗ |b ΛΙΤΣΑ |z 1999/11/09 | ||